Analysis of undergraduate physics students perception of angular momentum in quantum mechanics at the University of Zambia (Record no. 34344)

MARC details
000 -LEADER
fixed length control field 00694nam a2200169 a 4500
008 - FIXED-LENGTH DATA ELEMENTS--GENERAL INFORMATION
fixed length control field 160922s2014 ||||||||||||||||| || u
050 ## - LIBRARY OF CONGRESS CALL NUMBER
Classification number CBU-PG THESIS/FUN
100 ## - MAIN ENTRY--PERSONAL NAME
Personal name Fungamwango, Mwansa Hashel
245 10 - TITLE STATEMENT
Title Analysis of undergraduate physics students perception of angular momentum in quantum mechanics at the University of Zambia
Statement of responsibility, etc. by Fungamwango Mwansa Hashel
260 ## - PUBLICATION, DISTRIBUTION, ETC.
Place of publication, distribution, etc. Kitwe
Date of publication, distribution, etc. 2014
300 ## - PHYSICAL DESCRIPTION
Extent viii,89p.:ill.
500 ## - GENERAL NOTE
General note Includes References
650 ## - SUBJECT ADDED ENTRY--TOPICAL TERM
Topical term or geographic name entry element NUCLEAR PHYSICS
650 ## - SUBJECT ADDED ENTRY--TOPICAL TERM
Topical term or geographic name entry element SYMMETRY (PHYSICS)
650 ## - SUBJECT ADDED ENTRY--TOPICAL TERM
Topical term or geographic name entry element QUANTUM THEORY
995 ## - RECOMMENDATION 995 [LOCAL, UNIMARC FRANCE]
-- CBU-MAIN LIBRARY (Kitwe)
-- 1
-- AVAILABLE
-- Sep 22, 2016
-- University Collection
Holdings
Withdrawn status Lost status Source of classification or shelving scheme Damaged status Not for loan Home library Current library Shelving location Date acquired Total Checkouts Full call number Barcode Date last seen Price effective from Koha item type
          CBU-MAIN LIBRARY, KITWE. CBU-MAIN LIBRARY, KITWE.   11/30/2022   CBU-PG THESIS/FUN B2439 11/30/2022 11/30/2022 MONOGRAPH